| 000 | 00709nam a2200205 a 4500 | ||
|---|---|---|---|
| 001 | 4128 | ||
| 005 | 20140414131954.0 | ||
| 008 | 090209s19uu xx 00 eng d | ||
| 020 | _a1-56065-328-0 | ||
| 050 |
_aTR 394.2 _bH59 1996 |
||
| 100 | _aHintz, Martin | ||
| 245 |
_aThanksgiving : _cby Martin Hintz and Kate Hintz. _bwhy we celebrate it the way we do / |
||
| 260 |
_aMankato, Minnesota : _bCapstone Press, _cc1996. |
||
| 300 | _a48 p. : col., ill. cm. | ||
| 500 | _aIncludes bibliographical references and index. | ||
| 520 | _aDescribes the origins of thanksgiving and how we celebrate the holiday. | ||
| 650 |
_aThanksgiving day _xJuvenile literature. |
||
| 700 | _aHintz, Kate | ||
| 999 |
_c112861 _d112861 |
||